000 00856nam a2200241Ia 4500
003 OSt
005 20220923224519.0
006 a|||||r|||| 00| 0
007 ta
008 220922b |||||||| |||| 00| 0 pan d
020 _c110
024 _a238,088
037 _b237, 17/12/2008, N. R. Book Distributors
_cTextual
040 _aARTS
_cARTS
_bpan
041 _2pan
_apan
082 _aO111944:g, 153N0
100 _aਸਤਿੰਦਰ ਸਿੰਘ, ਥਦ.
245 0 _aਤੁਲਨਾਤਮਕ ਭਾਰਤੀ ਸਾਹਿਤ
260 _aਅਮ੍ਰਿਤਸਰ
_b ਗੁਰੂ ਨਾਨਕ ਦੇਵ ਯੂਨੀਵਰਸਿਟੀ
_c1990
300 _a427ਪੰ
_ccm.
942 _hO111944:g, 153N0
_cTEXL
_2CC
999 _c371931
_d371931